Excavations at maheshwar & navdatoli 1952-53 (Record no. 339750)

MARC details
000 -LEADER
fixed length control field 005890000a22002050004500
005 - DATE AND TIME OF LATEST TRANSACTION
control field 20120302052315.0
040 ## - CATALOGING SOURCE
Original cataloging agency ENG
100 ## - MAIN ENTRY--PERSONAL NAME
Personal name Sankalia, H.D.
100 ## - MAIN ENTRY--PERSONAL NAME
Personal name Subbarao, B.
100 ## - MAIN ENTRY--PERSONAL NAME
Personal name Deo, S.B.
245 ## - TITLE STATEMENT
Title Excavations at maheshwar & navdatoli 1952-53
260 ## - PUBLICATION, DISTRIBUTION, ETC. (IMPRINT)
Place of publication, distribution, etc Baroda:
Name of publisher, distributor, etc Maharaja Sayajirao University,
Date of publication, distribution, etc 1958
300 ## - PHYSICAL DESCRIPTION
Extent xxvi,257p
365 ## - TRADE PRICE
Price amount Rs.35.00
490 ## - SERIES STATEMENT
Series statement Deccan College Research Institute & M.S. University Publication; 1
650 ## - SUBJECT ADDED ENTRY--TOPICAL TERM
Topical term or geographic name as entry element Excavation-Maheshwar-Navdatoli
650 ## - SUBJECT ADDED ENTRY--TOPICAL TERM
Topical term or geographic name as entry element Aims-Excavation
650 ## - SUBJECT ADDED ENTRY--TOPICAL TERM
Topical term or geographic name as entry element Antiquity-Maheshwar
942 ## - ADDED ENTRY ELEMENTS (KOHA)
Koha item type Book
Holdings
Withdrawn status Lost status Damaged status Not for loan Home library Current library Date acquired Total Checkouts Barcode Date last seen Price effective from
        Institute For Oriental Study, Thane Institute For Oriental Study, Thane 12/02/2009   IOS-4027 12/02/2009 12/02/2009